| 000 | 01241cam a2200373 a 4500 | ||
|---|---|---|---|
| 001 | 4450403 | ||
| 003 | OSt | ||
| 005 | 20260318143523.0 | ||
| 008 | 950206s1995 miu 000 0 eng | ||
| 010 | _a 95006913 | ||
| 020 | _a0800714172 | ||
| 035 | _a4450403 | ||
| 040 |
_aDLC _cDLC _dDLC |
||
| 043 | _an-us--- | ||
| 050 | 0 | 0 |
_aBR1700.2 _b.W515 1985 |
| 082 | 0 | 0 |
_a248.8/44 _220 |
| 100 | 1 |
_aWilliams, Pat, _d1940- |
|
| 245 | 1 | 0 |
_aRekindled : _bhow to keep the warmth in marriage / _cPat and Jill Williams with Jerry Jenkins. |
| 250 | _a2nd ed. | ||
| 260 |
_aGrand Rapids, Mich. : _bF.H. Revell, _cc1985. |
||
| 300 |
_a171 p. ; _c23 cm. |
||
| 336 |
_atext _btxt _2rdacontent |
||
| 337 |
_aunmediated _bn _2rdamedia |
||
| 338 |
_avolume _bnc _2rdacarrier |
||
| 600 | 1 | 0 |
_aWilliams, Pat, _d1940- |
| 650 | 0 |
_aChristian biography _zUnited States. |
|
| 650 | 0 |
_aMarriage _xReligious aspects _xChristianity. |
|
| 700 | 1 |
_aWilliams, Jill _q(Jill M. P.) |
|
| 700 | 1 | _aJenkins, Jerry B. | |
| 906 |
_a7 _bcbc _corignew _d1 _eocip _f19 _gy-gencatlg |
||
| 942 |
_2lcc _cBK |
||
| 999 |
_c21560 _d21559 |
||